000 00541nam a2200217Ia 4500
003 OSt
005 20220918231441.0
006 a|||||r|||| 00| 0
007 ta
008 220917b |||||||| |||| 00| 0 eng d
024 _a285,558
037 _cTextual
040 _aARTS
_cARTS
_beng
041 _2eng
_aeng
082 _aYm73:N412, K4
100 _aRichardson F L W
_9154706
245 0 _aTalk, work and action
260 _c1964
942 _hYm73:N412, K4
_cTEXL
_2CC
999 _c291242
_d291242